[Event "Warsaw YMCA Winter-C 165th"]
[Site "Warsaw"]
[Date "2016.02.17"]
[Round "7"]
[White "Kwiek, Janusz"]
[Black "Sokalski, Daniel"]
[Result "1/2-1/2"]
[WhiteElo "1636"]
[BlackElo "1731"]
[PlyCount "68"]
[EventDate "2016.01.06"]
[EventType "tourn"]
[EventRounds "13"]
[EventCountry "POL"]
[SourceTitle "EXT 2019"]
[Source "ChessBase"]
[SourceDate "2018.10.10"]
[SourceVersion "1"]
[SourceVersionDate "2018.10.10"]
[SourceQuality "1"]

1. Nf3 c5 2. c4 Nf6 3. g3 g6 4. Bg2 Bg7 5. 0-0 0-0 6. Nc3 Nc6 7. d4 cxd4 8. Nxd4 a6 9. Nxc6 dxc6 10. Qc2 Be6 11. b3 Bf5 12. Qd2 Ne4 13. Bxe4 Bxe4 14. Qe3 Bf5 15. Bb2 Qd4 16. Qxd4 Bxd4 17. Rfd1 Rfd8 18. Na4 Bxb2 19. Nxb2 Bc2 20. Rxd8+ Rxd8 21. Kf1 Kg7 22. Rc1 Bf5 23. Ke1 Kf6 24. f3 Ke5 25. e3 g5 26. Rd1 Rxd1+ 27. Kxd1 b5 28. Kd2 Kd6 29. Kc3 a5 30. a3 e5 31. cxb5 cxb5 32. b4 a4 33. e4 Bh3 34. Kd3 Be6 1/2-1/2

[Event "Warsaw YMCA Spring 153rd"]
[Site "Warsaw"]
[Date "2015.04.29"]
[Round "4"]
[White "Sokalski, Daniel"]
[Black "Sobotka, Jan"]
[Result "1-0"]
[WhiteElo "1759"]
[BlackElo "1611"]
[PlyCount "55"]
[EventDate "2015.04.09"]
[EventType "tourn"]
[EventRounds "13"]
[EventCountry "POL"]
[SourceTitle "EXT 2017"]
[Source "ChessBase"]
[SourceDate "2016.10.25"]
[SourceVersion "1"]
[SourceVersionDate "2016.10.25"]
[SourceQuality "1"]

1. d4 d5 2. Bf4 Bf5 3. e3 e6 4. c4 Nf6 5. Qb3 b6 6. Nc3 Bd6 7. Bxd6 Qxd6 8. Rc1 c6 9. Nf3 Nbd7 10. Be2 0-0 11. 0-0 Rfc8 12. Nh4 Bg4 13. f3 Bh5 14. g4 Bg6 15. g5 Nh5 16. f4 Rf8 17. Qd1 Nhf6 18. gxf6 Nxf6 19. cxd5 cxd5 20. Nxg6 fxg6 21. Nb5 Qd8 22. Nc7 Rb8 23. Nxe6 Qe7 24. Nxf8 Qxe3+ 25. Kh1 Rxf8 26. Qd3 Qe6 27. Bf3 Qh3 28. Bxd5+ 1-0

[Event "Warsaw YMCA Winter 149th"]
[Site "Warsaw"]
[Date "2015.01.28"]
[Round "4"]
[White "Sokalski, Daniel"]
[Black "Bartczak, Hanna"]
[Result "1-0"]
[WhiteElo "1753"]
[BlackElo "1615"]
[PlyCount "97"]
[EventDate "2015.01.07"]
[EventType "tourn"]
[EventRounds "13"]
[EventCountry "POL"]
[SourceTitle "EXT 2019"]
[Source "ChessBase"]
[SourceDate "2018.10.10"]
[SourceVersion "1"]
[SourceVersionDate "2018.10.10"]
[SourceQuality "1"]

1. b3 d5 2. Bb2 c5 3. Nf3 Nc6 4. e3 e6 5. d4 Nf6 6. Nbd2 cxd4 7. exd4 Be7 8. Bd3 0-0 9. 0-0 Qc7 10. a3 b6 11. Ne5 a5 12. Qe2 Nb8 13. Rac1 Ba6 14. f4 Bxd3 15. Qxd3 Nbd7 16. Rf3 Qb7 17. Rh3 h6 18. g4 Nxe5 19. fxe5 Nh7 20. Rf1 b5 21. Nf3 b4 22. a4 Rac8 23. Rg3 Qc6 24. Rg2 Ng5 25. Nxg5 Bxg5 26. Qg3 Qe8 27. h4 Be7 28. Qh3 Rc6 29. Rh2 Qc8 30. Rff2 Qd7 31. Qd3 f5 32. exf6 Rxf6 33. Rxf6 Bxf6 34. g5 Bd8 35. gxh6 e5 36. h7+ Kh8 37. dxe5 Qg4+ 38. Kh1 Qe4+ 39. Qxe4 dxe4 40. h5 Kxh7 41. Re2 Kh6 42. Rxe4 Rxc2 43. Bd4 Rc7 44. e6 Rb7 45. Re5 Bf6 46. Be3+ Kh7 47. Re4 Kh8 48. Bc5 Kh7 49. e7 1-0

[Event "Mazowiec-chT 1314"]
[Site "Poland"]
[Date "2014.03.09"]
[Round "10.4"]
[White "Zalewski, Daniel"]
[Black "Sokalski, Daniel"]
[Result "1-0"]
[WhiteElo "1730"]
[BlackElo "1919"]
[PlyCount "66"]
[EventDate "2014.01.12"]
[EventType "team-tourn"]
[EventRounds "10"]
[EventCountry "POL"]
[SourceTitle "EXT 2019"]
[Source "ChessBase"]
[SourceDate "2018.10.10"]
[SourceVersion "1"]
[SourceVersionDate "2018.10.10"]
[SourceQuality "1"]

1. d4 Nf6 2. c4 c5 3. Nf3 cxd4 4. Nxd4 e5 5. Nf3 Nc6 6. Nc3 Bb4 7. Bd2 d6 8. Qc2 0-0 9. e4 Bg4 10. a3 Bxc3 11. Bxc3 Rc8 12. h3 Be6 13. Rd1 Qc7 14. Bd3 Na5 15. 0-0 Nxc4 16. Bxc4 Bxc4 17. Rfe1 Rfd8 18. Qd2 Qc6 19. Qe3 b6 20. Nh4 Qc5 21. Qg5 h6 22. Qd2 Be6 23. g4 Qc4 24. Qe3 Qc5 25. Qg3 Qc4 26. Qg2 g5 27. Nf5 Bxf5 28. gxf5 Kh7 29. Re3 Rc6 30. Bxe5 Qc2 31. Red3 dxe5 32. Rxd8 Nxe4 33. R8d3 Rf6 1-0

[Event "Warsaw MG-ch 2nd"]
[Site "Warsaw"]
[Date "2012.03.26"]
[Round "10"]
[White "Sokalski, Daniel"]
[Black "Powalka, Michal"]
[Result "1/2-1/2"]
[WhiteElo "2067"]
[BlackElo "1718"]
[PlyCount "84"]
[EventDate "2012.01.02"]
[EventType "swiss"]
[EventRounds "11"]
[EventCountry "POL"]
[SourceTitle "EXT 2014"]
[Source "ChessBase"]
[SourceDate "2013.11.20"]
[SourceVersion "1"]
[SourceVersionDate "2013.11.20"]
[SourceQuality "1"]

1. e4 e5 2. Nf3 Nc6 3. Bb5 a6 4. Bxc6 dxc6 5. Nc3 Bd6 6. d4 exd4 7. Qxd4 f6 8. e5 Bxe5 9. Qxd8+ Kxd8 10. Nxe5 fxe5 11. Bg5+ Nf6 12. 0-0-0+ Ke8 13. Rhe1 Kf7 14. Rxe5 Be6 15. Rde1 Rhe8 16. f3 h6 17. Bh4 Bd7 18. Rxe8 Rxe8 19. Rxe8 Kxe8 20. Kd2 Nd5 21. Bg3 Nxc3 22. Kxc3 Kd8 23. Kd4 Be6 24. a3 Kd7 25. Be5 g5 26. Bg7 h5 27. Bf6 g4 28. f4 Bf5 29. c3 b6 30. Ke5 Bg6 31. f5 Bf7 32. g3 c5 33. Bg5 c6 34. Kf6 Ke8 35. Be3 Bb3 36. Kg7 Bc4 37. Bf4 b5 38. Bd6 a5 39. Bxc5 a4 40. f6 Bd5 41. Kg6 Bf7+ 42. Kg5 Kd7 1/2-1/2

[Event "Warsaw MG-ch 2nd"]
[Site "Warsaw"]
[Date "2012.02.06"]
[Round "4"]
[White "Borowy, Cezary"]
[Black "Sokalski, Daniel"]
[Result "1-0"]
[WhiteElo "1788"]
[BlackElo "2067"]
[PlyCount "97"]
[EventDate "2012.01.02"]
[EventType "swiss"]
[EventRounds "11"]
[EventCountry "POL"]
[SourceTitle "EXT 2014"]
[Source "ChessBase"]
[SourceDate "2013.11.20"]
[SourceVersion "1"]
[SourceVersionDate "2013.11.20"]
[SourceQuality "1"]

1. e4 c5 2. Nc3 Nc6 3. g3 g6 4. Bg2 Bg7 5. d3 d6 6. f4 Nd4 7. Nd5 e6 8. Ne3 Ne7 9. c3 Ndc6 10. Nf3 b5 11. 0-0 Ba6 12. f5 b4 13. fxe6 f6 14. Ng4 h5 15. Ne3 bxc3 16. bxc3 Qa5 17. Qc2 Rb8 18. Nd5 f5 19. Nd2 Nxd5 20. exd5 Qxc3 21. Qxc3 Bxc3 22. Rb1 Bd4+ 23. Kh1 Rxb1 24. Nxb1 Ne5 25. Bf4 Nxd3 26. Bxd6 Nf2+ 27. Rxf2 Bxf2 28. Be5 Rh7 29. d6 Bd4 30. Bc6+ Kd8 31. e7+ Rxe7 32. dxe7+ Kxe7 33. Bxd4 cxd4 34. Nd2 Kf6 35. Kg2 Bd3 36. Nf3 Bc4 37. a4 d3 38. Kf2 g5 39. Ke3 g4 40. Nd2 Ba6 41. Kf4 Ke6 42. Be8 Kd5 43. Kxf5 Kd4 44. Kf4 Kc3 45. Ke3 Kb4 46. Bxh5 Kxa4 47. Bxg4 Ka3 48. Bf5 Kb2 49. Bxd3 1-0

[Event "Warsaw MG-ch 2nd"]
[Site "Warsaw"]
[Date "2012.01.09"]
[Round "2"]
[White "Sawicki, Wojciech"]
[Black "Sokalski, Daniel"]
[Result "0-1"]
[WhiteElo "1769"]
[BlackElo "2067"]
[PlyCount "134"]
[EventDate "2012.01.02"]
[EventType "swiss"]
[EventRounds "11"]
[EventCountry "POL"]
[SourceTitle "EXT 2014"]
[Source "ChessBase"]
[SourceDate "2013.11.20"]
[SourceVersion "1"]
[SourceVersionDate "2013.11.20"]
[SourceQuality "1"]

1. e4 e6 2. d4 d5 3. Nc3 Bb4 4. e5 c5 5. a3 Bxc3+ 6. bxc3 Ne7 7. Qg4 Qc7 8. Qxg7 Rg8 9. Qxh7 cxd4 10. Ne2 Nbc6 11. f4 Bd7 12. Qd3 dxc3 13. Nxc3 a6 14. Ne2 Rc8 15. Bd2 Na5 16. Nd4 Nc4 17. g3 Ba4 18. Be2 Nb2 19. Qe3 Nc4 20. Bxc4 Qxc4 21. Kf2 Nc6 22. c3 Na5 23. Rhb1 Qc5 24. Ne2 b5 25. Qxc5 Rxc5 26. Be3 Rc8 27. Bd4 Kd7 28. h4 Bc2 29. Rb2 Ba4 30. Nc1 Nc4 31. Rba2 Na5 32. Nd3 Nb3 33. Rb1 Nxd4 34. cxd4 Bc2 35. Nc5+ Rxc5 36. Rc1 Bb3 37. Rxc5 Bxa2 38. Kg2 Rc8 39. Rxc8 Kxc8 40. h5 Bb1 41. g4 Bh7 42. Kf2 a5 43. Ke3 Kd7 44. Kd2 Ke8 45. Ke3 Kf8 46. Kd2 Kg7 47. g5 Bf5 48. Ke3 Bg4 49. h6+ Kg8 50. Kd2 Bf5 51. Ke3 Kf8 52. Kd2 Ke7 53. Kc3 Kd7 54. Kb2 Ke8 55. Kc3 Kf8 56. Kd2 Kg8 57. Ke3 Kh7 58. Kf2 Kg6 59. Kf3 Kh5 60. Kf2 Kg4 61. Ke3 Kg3 62. g6 Bxg6 63. f5 exf5 64. e6 fxe6 65. h7 f4+ 66. Ke2 f3+ 67. Kd2 Bxh7 0-1

[Event "POL-chT Liga Mazowiecka 2006/07"]
[Site "Poland"]
[Date "2006.10.22"]
[Round "1.15"]
[White "Sokalski, Daniel"]
[Black "Wasilewski, Bartlomiej"]
[Result "0-1"]
[WhiteElo "2140"]
[BlackElo "2119"]
[PlyCount "76"]
[EventDate "2006.10.22"]
[EventType "team-swiss"]
[EventRounds "9"]
[EventCountry "POL"]
[SourceTitle "EXT 2011"]
[Source "ChessBase"]
[SourceDate "2010.11.26"]
[SourceVersion "1"]
[SourceVersionDate "2010.11.26"]
[SourceQuality "1"]
[WhiteTeam "Bialoleka PKS Agape"]
[BlackTeam "Grodzisk Polfa Mazowiecki II"]
[WhiteTeamCountry "POL"]
[BlackTeamCountry "POL"]

1. e4 e5 2. Nf3 d6 3. d4 Nd7 4. Nc3 Ngf6 5. Bc4 Be7 6. h3 c6 7. 0-0 0-0 8. Bb3 Qc7 9. Bg5 Re8 10. Re1 b5 11. d5 Bb7 12. a3 a6 13. dxc6 Bxc6 14. Qe2 Nc5 15. Bxf6 Bxf6 16. Bd5 Na4 17. Qd3 Nxb2 18. Qe2 Na4 19. Qd3 Nxc3 20. Qxc3 Rec8 21. Bxc6 Qxc6 22. Qxc6 Rxc6 23. Re2 Rac8 24. Ra2 Rc4 25. Rd2 Be7 26. Re2 Ra4 27. Re3 Rcc4 28. Nd2 Rd4 29. Re2 b4 30. Nf3 Rd1+ 31. Re1 Rxe1+ 32. Nxe1 Rxa3 33. Rb2 a5 34. Nd3 d5 35. exd5 Rxd3 36. cxd3 a4 37. Kf1 a3 38. Rc2 g6 0-1